00365pab a2200133 454500008004000000100002400040245006400064260000900128300001300137362001100150650001400161700002200175773003400197180718b2015 xxu||||| |||| 00| 0 eng d aIrshad, Mohammed S. aAn invisible disaster: Endosulfan tragedy of Kerala (notes) c2015 ap.61-65. a14 Mar aDisasters aJoseph, Jacquleen aEconomic and Political Weekly